Statistics for Overseas departments and territories of the U.S.

Click here to take the quiz!

General Stats

  • This quiz has been taken 43 times
  • The average score is 5 of 5

Answer Stats

Answer% Correct
Puerto Rico
97%
Guam
94%
American Samoa
91%
United States Virgin Islands
91%
Commonwealth of the Northern Mariana Islands
79%

Score Distribution

Percentile by Number Answered

Percent of People with Each Score

Your Score History

You have not taken this quiz